الجهاد و الفدائية في الإسلام / (Record no. 66376)

MARC details
000 -LEADER
fixed length control field 00579nam a22002057a 4500
005 - DATE AND TIME OF LATEST TRANSACTION
control field 20251108171933.0
008 - FIXED-LENGTH DATA ELEMENTS--GENERAL INFORMATION
fixed length control field 250721s1983 xx 000 0 ara d
082 14 - DEWEY DECIMAL CLASSIFICATION NUMBER
Classification number 216.7/حسن
100 1# - MAIN ENTRY--PERSONAL NAME
Personal name أيوب، حسن
245 10 - TITLE STATEMENT
Title الجهاد و الفدائية في الإسلام /
250 ## - EDITION STATEMENT
Edition statement ط2 . ، مزيدة و منقحة
264 1# - PRODUCTION, PUBLICATION, DISTRIBUTION, MANUFACTURE, AND COPYRIGHT NOTICE
Place of production, publication, distribution, manufacture بيروت :
Name of producer, publisher, distributor, manufacturer دار الندوة الجديدة،
Date of production, publication, distribution, manufacture, or copyright notice 1983.
300 ## - PHYSICAL DESCRIPTION
Extent 248ص
650 17 - SUBJECT ADDED ENTRY--TOPICAL TERM
Topical term or geographic name as entry element الإسلام
650 17 - SUBJECT ADDED ENTRY--TOPICAL TERM
Topical term or geographic name as entry element الفقه
650 17 - SUBJECT ADDED ENTRY--TOPICAL TERM
Topical term or geographic name as entry element السير
650 17 - SUBJECT ADDED ENTRY--TOPICAL TERM
Topical term or geographic name as entry element الجهاد
942 ## - ADDED ENTRY ELEMENTS (KOHA)
Source of classification or shelving scheme Dewey Decimal Classification
Koha item type Books
Holdings
حالة السحب حالة الفقدان مصدر التصنيف حالة التلف غير قابل للإعارة المكتبة الرئيسية المكتبة الحالية موقع الرف تاريخ التزويد الرقم المتسلسل Total Checkouts رقم الإستدعاء تاريخ آخر ظهور تاريخ الفاتورة نوع المادة (كوها)
    Dewey Decimal Classification Unchecked   مكتبة الحسن العامة مكتبة الحسن العامة الإعارة 06/07/2004 3097   216.7/حسن 28/07/2025 06/07/2004 Books
    Dewey Decimal Classification Unchecked   مكتبة وادي السير العامة مكتبة وادي السير العامة الإعارة 06/07/2004 2261   216.7/حسن 28/07/2025 06/07/2004 Books
Implemented & Customized by: BBB with SCIT (Smart Chains for Information Technology)

Powered by Koha